Εισαγωγή στις Βιολογικές Επιστήμες και η Διδακτική τους (Record no. 3022)
[ view plain ]
| 000 -LEADER | |
|---|---|
| fixed length control field | 02360cam a22001934a 4500 |
| 005 - ΗΜΕΡΟΜΗΝΙΑ ΚΑΙ ΩΡΑ ΤΕΛΕΥΤΑΙΑΣ ΕΝΗΜΕΡΩΣΗΣ | |
| Πεδίο ελέγχου | 20250605164103.0 |
| 008 - FIXED-LENGTH DATA ELEMENTS--GENERAL INFORMATION | |
| Πεδίο ελέγχου σταθερού μήκους | 250528s ||||||||||||||||||||||||d |
| 035 ## - SYSTEM CONTROL NUMBER | |
| System control number | 17619 |
| 020 ## - ISBN | |
| ISBN | 9789603335931 |
| 040 ## - ΠΗΓΗ ΚΑΤΑΛΟΓΟΓΡΑΦΗΣΗΣ | |
| Φορέας πρωτότυπης καταλογογράφησης | MC Athens Campus Library |
| Γλώσσα καταλογογράφησης | Ελληνικά, Μοντέρνα (1453-) |
| Modifying agency | MC Athens Campus Library |
| Κανόνες περιγραφικής καταλογογράφησης | AACR2 |
| 245 1# - ΤΙΤΛΟΣ ΚΑΙ ΔΗΛΩΣΗ ΥΠΕΥΘΥΝΟΤΗΤΑΣ | |
| Τίτλος | Εισαγωγή στις Βιολογικές Επιστήμες και η Διδακτική τους |
| 260 ## - PUBLICATION, DISTRIBUTION, ETC. | |
| Name of publisher, distributor, etc. | Γρηγόρης, |
| Date of publication, distribution, etc. | 2009 |
| 300 ## - PHYSICAL DESCRIPTION | |
| Extent | 304 |
| 520 ## - SUMMARY, ETC. | |
| Summary, etc. | Το βιβλίο αυτό προσπαθεί να συνδυάσει με εισαγωγή στις Βιολογικές Επιστήμες με τη Διδακτική της Βιολογίας. Πρόλογος, Εξέλιξη με Φυσική Επιλογή: Το Κλειδί για την Κατανόηση της Ομοιομορφίας και της Ποικιλομορφίας της Ζωής, Εισαγωγή στην Μεντελική Κληρονομικότητα, Σύντομη Εισαγωγή στη Γενετική του Κυττάρου, Το Γενετικό Υλικό, Ιστορική Θεώρηση της Ανακάλυψης του Γενετικού Κώδικα, Πρόληψη Γενετικών Νοσημάτων, Ταξινόμηση των Ζωντανών Οργανισμών - Βασίλειο των Ζώων, Το Βασίλειο των Φυτών, Νευρικό Σύστημα, Γνωστικές Θεωρίες Μάθησης, Διδακτική των ΦΕ - Εποικοδομητισμός, Για την Εννοιολογική Αλλαγή στις ΦΕ και τη Βιολογία, Χρήση Μοντέλων και Αναλογιών στην Διδασκαλία των ΦΕ και της Βιολογίας, Χάρτες Εννοιών στη Βιολογία, Ιδέες των Μαθητών για την Εξέλιξη και τη Φυσική Επιλογή, Συνεργατική Μάθηση/ Ομαδοκεντρική Διδασκαλία στη Διδασκαλία της Βιολογίας, Εφαρμογή, Ανακαλυπτική Διδασκαλία, Η Διδασκαλία της Βιολογίας ως Διερεύνηση και Αναζήτηση, Αποτελεσματική Μάθηση και Διδασκαλία. |
| 700 1# - ΠΡΟΣΘΕΤΗ ΑΝΑΓΡΑΦΗ--ΦΥΣΙΚΟ ΠΡΟΣΩΠΟ | |
| Personal name | Αθανασίου Κυριακός |
| 9 (RLIN) | 3803 |
| 942 ## - ADDED ENTRY ELEMENTS (KOHA) | |
| Koha item type | Books |
| Τύπος τεκμηρίου | Βιβλιοθήκη | Τρέχουσα τοποθεσία | Barcode | Αριθμός εισαγωγής | Ημερομηνία απόκτησης | Ταξιθετικό σύμβολο | Αριθμός αντιτύπου | Κατάσταση απόσυρσης | Κατάσταση χαμένου | Κατάσταση κατεστραμμένου | Μη δανεισμός | Σύνολο δανεισμών | Ημερομηνία τελευταίας εμφάνισης | Η τιμή ισχύει από |
|---|---|---|---|---|---|---|---|---|---|---|---|---|---|---|
| Books | MC Athens Campus Library | MC Athens Campus Library | 9780000030214 | 5878 | 05/06/2025 | 570.71 ATH | 1 | 05/06/2025 | 05/06/2025 |